[Event "DEM U16w 2000"]
[Site "Überlingen GER"]
[Date "2000.06.04"]
[Round "2"]
[White "Ramming, Susanne"]
[Black "Beuckmann, Kristin"]
[Result "1/2-1/2"]
[Termination "normal"]
[Board "12"]
[WhiteElo "1207"]
[BlackElo "823"]
[PlyCount "112"]
[EventCountry "GER"]
[EventRounds "9"]
[EventType "swiss"]
[EventDate "2000.06.03"]

1. e4 c5 2. Nf3 d6 3. d4 cxd4 4. Qxd4 Nc6 5. Bb5 Qa5+ 6. Nc3 Bd7 7. Bxc6 Bxc6
8. O-O Nf6 9. Bg5 Nh5 10. Be3 e5 11. Qd3 Rd8 12. a3 f6 13. b4 Qc7 14. Nb5 Bxb5
15. Qxb5+ Rd7 16. c4 a6 17. Qd5 Nf4 18. Bxf4 exf4 19. Rfe1 g6 20. Nd4 Qd8 21.
Ne6 Qe7 22. Nxf4 Qe5 23. Qxe5+ dxe5 24. Nd5 Kf7 25. f3 Be7 26. Nxe7 Kxe7 27.
Red1 Rc7 28. c5 a5 29. Kf2 Rb8 30. Rab1 axb4 31. axb4 b6 32. Rd5 bxc5 33. Rc1
Rxb4 34. Rdxc5 Rb2+ 35. Kg3 Rxc5 36. Rxc5 h5 37. h3 g5 38. Ra5 h4+ 39. Kh2 Ke6
40. Ra6+ Kf7 41. Ra1 Kg6 42. Rg1 f5 43. Re1 fxe4 44. Rxe4 Kf5 45. Kg1 Rb1+ 46.
Kf2 Ra1 47. Re2 Kf4 48. Re4+ Kf5 49. Re3 Ra2+ 50. Re2 Rxe2+ 51. Kxe2 Kf4 52.
Kf2 e4 53. fxe4 Kxe4 54. g3 Kf5 55. gxh4 gxh4 56. Kf3 Kg5 1/2-1/2

[Event "DEM U16w 2000"]
[Site "Überlingen GER"]
[Date "2000.06.05"]
[Round "3"]
[White "Czäczine, Anne"]
[Black "Häcker, Sonja"]
[Result "0-1"]
[Termination "normal"]
[Board "1"]
[WhiteElo "1787"]
[BlackElo "1798"]
[PlyCount "68"]
[WhiteFideId "4679326"]
[BlackFideId "4680928"]
[EventCountry "GER"]
[EventRounds "9"]
[EventType "swiss"]
[EventDate "2000.06.03"]

1. e4 c5 2. Nf3 Nc6 3. d4 cxd4 4. Nxd4 Nf6 5. Nc3 d6 6. Be3 Ng4 7. Bg5 Qb6 8.
Bb5 Bd7 9. O-O Qxd4 10. Bxc6 Qxd1 11. Bxd7+ Kxd7 12. Raxd1 h6 13. Bc1 g5 14. h3
Ne5 15. f4 gxf4 16. Bxf4 Bg7 17. Bxe5 Bxe5 18. Rxf7 Ke6 19. Rf3 Rac8 20. Rdd3
Rc4 21. Kf2 Rhc8 22. g4 b5 23. a3 a5 24. Nxb5 Rxc2+ 25. Ke1 Rxb2 26. Nd4+ Bxd4
27. Rxd4 Rcc2 28. Rfd3 Rh2 29. Rd2 Rbxd2 30. Rxd2 Rxh3 31. a4 Re3+ 32. Re2
Rxe2+ 33. Kxe2 Ke5 34. Kf3 d5 0-1

[Event "DEM U16w 2000"]
[Site "Überlingen GER"]
[Date "2000.06.05"]
[Round "3"]
[White "Schulte, Stefanie"]
[Black "Winnicki, Alice"]
[Result "1/2-1/2"]
[Termination "normal"]
[Board "2"]
[WhiteElo "2115"]
[BlackElo "1644"]
[PlyCount "74"]
[WhiteFideId "4658000"]
[BlackFideId "4687990"]
[EventCountry "GER"]
[EventRounds "9"]
[EventType "swiss"]
[EventDate "2000.06.03"]

1. e4 e6 2. d4 d5 3. e5 c5 4. c3 Nc6 5. Nf3 Qb6 6. a3 f5 7. Be2 Bd7 8. O-O Rc8
9. dxc5 Bxc5 10. b4 Be7 11. Be3 Qc7 12. Bd4 Nh6 13. Re1 Nxd4 14. cxd4 Qc2 15.
Qxc2 Rxc2 16. Bd3 Rc7 17. Nbd2 Rc3 18. Be2 O-O 19. Rec1 Rfc8 20. Rxc3 Rxc3 21.
Kf1 Ba4 22. Ke1 Nf7 23. Bd1 Bxd1 24. Kxd1 Ng5 25. Ne1 Bd8 26. Nc2 Bb6 27. f3
Nf7 28. Rb1 Bd8 29. Nb3 b6 30. Kd2 Rc4 31. Kd3 Be7 32. Nd2 Rc7 33. b5 Nd8 34.
Nb3 Nb7 35. g3 g5 36. Ra1 Rc4 37. Nd2 Rc8 1/2-1/2

[Event "DEM U16w 2000"]
[Site "Überlingen GER"]
[Date "2000.06.05"]
[Round "3"]
[White "Lunz, Pia"]
[Black "Mietzner, Tina"]
[Result "0-1"]
[Termination "normal"]
[Board "3"]
[WhiteElo "1079"]
[BlackElo "2105"]
[PlyCount "60"]
[BlackFideId "4655524"]
[EventCountry "GER"]
[EventRounds "9"]
[EventType "swiss"]
[EventDate "2000.06.03"]

1. d4 Nf6 2. c4 c5 3. e3 cxd4 4. exd4 d5 5. Nf3 Nc6 6. Nc3 Bg4 7. cxd5 Nxd5 8.
Bb5 Qa5 9. Bxc6+ bxc6 10. Bd2 e6 11. a3 Be7 12. O-O O-O 13. h3 Bh5 14. g4 Bg6
15. Ne5 Rac8 16. Nxg6 hxg6 17. Rb1 Rfd8 18. Na4 Qc7 19. f4 Nf6 20. Bc3 c5 21.
b4 cxd4 22. Bd2 Qb7 23. Nc5 Qd5 24. Nd3 Ne4 25. Nf2 Ng3 26. Re1 d3 27. Re5 Ne2+
28. Kh2 Qf3 29. Be3 Bh4 30. Ne4 Bg3+ 0-1

[Event "DEM U16w 2000"]
[Site "Überlingen GER"]
[Date "2000.06.05"]
[Round "3"]
[White "Schlosberg, Elisabeth"]
[Black "Reiß, Rebekka"]
[Result "1-0"]
[Termination "normal"]
[Board "4"]
[WhiteElo "2040"]
[BlackElo "1388"]
[PlyCount "67"]
[WhiteFideId "4659228"]
[EventCountry "GER"]
[EventRounds "9"]
[EventType "swiss"]
[EventDate "2000.06.03"]

1. e4 e6 2. d4 d5 3. Nc3 Nf6 4. e5 Nfd7 5. f4 c5 6. dxc5 Bxc5 7. Qg4 O-O 8. Bd3
f5 9. Qh5 Nc6 10. Nf3 Nb6 11. a3 Nc4 12. Bxc4 dxc4 13. Bd2 Rb8 14. Na4 Be7 15.
O-O Nd4 16. Rad1 Nxc2 17. Bb4 Qc7 18. Bxe7 Qxe7 19. Rd6 Ne3 20. Rc1 b5 21. Nc5
Rd8 22. Ng5 h6 23. Rxd8+ Qxd8 24. Qf7+ Kh8 25. Ngxe6 Bxe6 26. Nxe6 Qg8 27. Qxa7
Nd5 28. Rd1 Nb6 29. Rd6 Na4 30. Rd7 Ra8 31. Qb7 Rb8 32. Qc7 Rc8 33. Qd6 g6 34.
Nd8 1-0

[Event "DEM U16w 2000"]
[Site "Überlingen GER"]
[Date "2000.06.05"]
[Round "3"]
[White "Fey, Franziska"]
[Black "Schuler, Dorothea"]
[Result "1-0"]
[Termination "normal"]
[Board "5"]
[WhiteElo "1734"]
[BlackElo "1739"]
[PlyCount "51"]
[WhiteFideId "4672992"]
[EventCountry "GER"]
[EventRounds "9"]
[EventType "swiss"]
[EventDate "2000.06.03"]

1. d4 Nf6 2. c4 c5 3. d5 b5 4. cxb5 a6 5. bxa6 Bxa6 6. Nc3 d6 7. e4 Bxf1 8.
Kxf1 g6 9. Nge2 Bg7 10. Kg1 O-O 11. h3 Nbd7 12. Rb1 Qa5 13. Qc2 Rfb8 14. b3 Ne8
15. Be3 Nc7 16. Kh2 Nb5 17. Nxb5 Rxb5 18. Nc1 Nb6 19. a4 Nxa4 20. bxa4 Rxb1 21.
Qxb1 Qxa4 22. Ne2 Qc4 23. Ng3 h5 24. Rc1 Qb4 25. Qxb4 cxb4 26. Rb1 1-0

[Event "DEM U16w 2000"]
[Site "Überlingen GER"]
[Date "2000.06.05"]
[Round "3"]
[White "Diebig, Maja"]
[Black "Schwert, Karina"]
[Result "1-0"]
[Termination "normal"]
[Board "6"]
[WhiteElo "1614"]
[BlackElo "1348"]
[PlyCount "89"]
[EventCountry "GER"]
[EventRounds "9"]
[EventType "swiss"]
[EventDate "2000.06.03"]

1. d4 d5 2. c4 e6 3. Nc3 Nf6 4. cxd5 exd5 5. Bg5 Nbd7 6. e3 c6 7. Bd3 Qa5 8.
Nge2 Ne4 9. Bh4 Bb4 10. Qc2 Ndf6 11. O-O Nxc3 12. Nxc3 Qc7 13. Bxf6 gxf6 14.
Nxd5 Qd6 15. Nxb4 Qxb4 16. a3 Qd6 17. Qc5 Qc7 18. Rac1 Rg8 19. g3 Rg5 20. Qc2
Bh3 21. Rfe1 h5 22. b4 Qd7 23. a4 a6 24. Bf1 h4 25. Qe4+ Be6 26. Bh3 hxg3 27.
hxg3 Rh5 28. Bxe6 Qxe6 29. Qxe6+ fxe6 30. Kg2 Kf7 31. Rh1 Rah8 32. Rxh5 Rxh5
33. Rc5 Rxc5 34. bxc5 f5 35. Kf3 Kf6 36. Kf4 a5 37. f3 Kf7 38. Ke5 Ke7 39. e4
fxe4 40. fxe4 Kf7 41. g4 Ke7 42. g5 Kf7 43. g6+ Kxg6 44. Kxe6 Kg7 45. Kd7 1-0

[Event "DEM U16w 2000"]
[Site "Überlingen GER"]
[Date "2000.06.05"]
[Round "3"]
[White "Tröstrum, Tina"]
[Black "Ebner, Leah"]
[Result "1/2-1/2"]
[Termination "normal"]
[Board "7"]
[WhiteElo "1019"]
[BlackElo "1425"]
[PlyCount "144"]
[EventCountry "GER"]
[EventRounds "9"]
[EventType "swiss"]
[EventDate "2000.06.03"]

1. e4 e5 2. Nf3 Nc6 3. d4 exd4 4. Nxd4 Bc5 5. Be3 Qf6 6. c3 Nge7 7. Bc4 O-O 8.
O-O b6 9. Nxc6 Qxc6 10. Bxc5 Qxc5 11. Bb3 d6 12. Nd2 Re8 13. Qf3 Be6 14. Bc2
Rad8 15. Rfe1 Ng6 16. Qe3 Qh5 17. Qe2 Qg5 18. Qe3 Nf4 19. g3 Nh3+ 20. Kg2 Qh5
21. Bd1 Qg6 22. Nf3 f5 23. Nh4 f4 24. Qf3 Qh6 25. Qh5 Qxh5 26. Bxh5 Rf8 27. g4
Ng5 28. e5 g6 29. Bxg6 hxg6 30. Nxg6 f3+ 31. Kg3 Rf7 32. h4 Nh7 33. Rad1 Bxa2
34. exd6 cxd6 35. Re3 Kg7 36. Nf4 Bb3 37. Rd4 Nf8 38. Rxf3 Ng6 39. Nh5+ Kh6 40.
Rfd3 Rdf8 41. f4 d5 42. f5 Ne5 43. Re3 Nxg4 44. Rxg4 Kxh5 45. Rg5+ Kh6 46. Kg4
Bd1+ 47. Kf4 Rg7 48. Re1 Bc2 49. Re2 Be4 50. Re1 Rxg5 51. hxg5+ Kh5 52. f6 b5
53. b4 Kg6 54. Rg1 Rc8 55. Rg3 Rc4 56. Ke5 Rc8 57. Kf4 Re8 58. Rg1 Bf5 59. Rg3
Re4+ 60. Kf3 Rc4 61. Ke2 Rg4 62. Rxg4 Bxg4+ 63. Ke3 Be6 64. Kf4 a5 65. bxa5 d4
66. cxd4 b4 67. Ke3 Kxg5 68. Kd3 Kxf6 69. a6 Bd5 70. a7 b3 71. Kc3 Kf5 72. a8=Q
Bxa8 1/2-1/2

[Event "DEM U16w 2000"]
[Site "Überlingen GER"]
[Date "2000.06.05"]
[Round "3"]
[White "Bartholomeyzik, Theresa"]
[Black "Rönsch, Kerstin"]
[Result "1-0"]
[Termination "normal"]
[Board "8"]
[WhiteElo "1269"]
[BlackElo "1299"]
[PlyCount "63"]
[EventCountry "GER"]
[EventRounds "9"]
[EventType "swiss"]
[EventDate "2000.06.03"]

1. Nf3 d6 2. g3 Nf6 3. Bg2 g6 4. d3 Bg7 5. O-O O-O 6. Nbd2 e5 7. Re1 Nc6 8. c3
Bg4 9. h3 Bd7 10. Nc4 Qc8 11. h4 Bh3 12. e4 Bxg2 13. Kxg2 Nh5 14. Ne3 Ne7 15.
Nh2 Nf6 16. Qf3 Ne8 17. h5 c6 18. Neg4 f5 19. Nh6+ Kh8 20. hxg6 hxg6 21. Bg5
Qd7 22. Rh1 fxe4 23. Qxe4 Nf5 24. N2g4 Bxh6 25. Bxh6 Nxh6 26. Rxh6+ Kg8 27.
Qxg6+ Qg7 28. Rh8+ Kxh8 29. Rh1+ Kg8 30. Nh6+ Kh8 31. Nf7+ Kg8 32. Rh8# 1-0

[Event "DEM U16w 2000"]
[Site "Überlingen GER"]
[Date "2000.06.05"]
[Round "3"]
[White "Blodig, Carolin"]
[Black "Ramming, Susanne"]
[Result "1/2-1/2"]
[Termination "normal"]
[Board "9"]
[WhiteElo "1476"]
[BlackElo "1207"]
[PlyCount "39"]
[WhiteFideId "4692012"]
[EventCountry "GER"]
[EventRounds "9"]
[EventType "swiss"]
[EventDate "2000.06.03"]

1. e4 e6 2. d4 d5 3. exd5 exd5 4. Bd3 Bd6 5. Nc3 Nc6 6. Nf3 Nf6 7. O-O O-O 8.
Bg5 Bg4 9. Bxf6 Bxf3 10. Bxd8 Bxd1 11. Bxc7 Bxc2 12. Bxd6 Bxd3 13. Bxf8 Bxf1
14. Kxf1 Kxf8 15. Nxd5 Nxd4 16. Nc3 Nc6 17. Rd1 Rd8 18. Rxd8+ Nxd8 19. Ke2 Ke7
20. Ke3 1/2-1/2

[Event "DEM U16w 2000"]
[Site "Überlingen GER"]
[Date "2000.06.05"]
[Round "3"]
[White "Hönecke, Judith"]
[Black "Brandt, Madeleine"]
[Result "0-1"]
[Termination "normal"]
[Board "10"]
[WhiteElo "1149"]
[BlackElo "923"]
[PlyCount "150"]
[WhiteFideId "4696328"]
[EventCountry "GER"]
[EventRounds "9"]
[EventType "swiss"]
[EventDate "2000.06.03"]

1. e4 d5 2. exd5 Qxd5 3. Nc3 Qa5 4. d4 c6 5. Nf3 Bf5 6. Bc4 Nf6 7. Bd2 Qc7 8.
O-O e6 9. Ne2 Bd6 10. Qc1 Bg4 11. Bf4 Bxf3 12. gxf3 Bxf4 13. Qxf4 Qxf4 14. Nxf4
O-O 15. Kh1 Nbd7 16. Rae1 Rfe8 17. Nd3 Rac8 18. Ne5 Rcd8 19. Rd1 Nb6 20. Bb3
Rd6 21. c4 Nc8 22. Rd2 c5 23. Rfd1 Red8 24. d5 Ne7 25. Bc2 exd5 26. Be4 Nxe4
27. fxe4 d4 28. Nf3 Nc6 29. Kg1 Re8 30. Re2 Rde6 31. Nd2 b6 32. a3 a5 33. f3
Ne5 34. Kg2 Rg6+ 35. Kf1 Nd3 36. Nb3 Nf4 37. Red2 Rf6 38. Rc1 Nh3 39. Kg2 Nf4+
40. Kf1 Ng6 41. Kg2 Nh4+ 42. Kg3 Nxf3 43. Rf2 Ng5 44. Rxf6 gxf6 45. Re1 Rxe4
46. Rxe4 Nxe4+ 47. Kf4 Nd6 48. Nd2 Kg7 49. a4 Kg6 50. b3 h6 51. h3 h5 52. h4
Nf5 53. Nf3 Ne3 54. Ne1 Kg7 55. Ke4 Kf8 56. Kf4 Ke7 57. Kf3 Ke6 58. Ke4 Nf5 59.
Nf3 Ng3+ 60. Kf4 Ne2+ 61. Ke4 Nc1 62. Nd2 f5+ 63. Kf4 Kf6 64. Nf3 Nxb3 65. Ne5
Ke6 66. Nd3 Nd2 67. Nb2 Kf6 68. Kg3 Ke5 69. Kf2 Ke4 70. Kg3 Nf3 71. Nd1 f4+ 72.
Kh3 Nd2 73. Nf2+ Kf3 74. Nd3 f6 75. Nb2 Ke3 0-1

[Event "DEM U16w 2000"]
[Site "Überlingen GER"]
[Date "2000.06.05"]
[Round "3"]
[White "Beuckmann, Kristin"]
[Black "Hauck, Kerstin Elisabeth"]
[Result "0-1"]
[Termination "normal"]
[Board "11"]
[WhiteElo "823"]
[BlackElo "1506"]
[PlyCount "96"]
[EventCountry "GER"]
[EventRounds "9"]
[EventType "swiss"]
[EventDate "2000.06.03"]

1. c4 c6 2. Nc3 d5 3. d4 Nf6 4. Nf3 dxc4 5. Bg5 Bg4 6. e3 e6 7. Bxc4 Nbd7 8.
Ne4 Qa5+ 9. Qd2 Bb4 10. Nc3 Ne4 11. Qd3 Nxg5 12. Nxg5 Qxg5 13. f3 Bf5 14. e4
Qxg2 15. O-O-O Qg5+ 16. Kb1 Bg6 17. h4 Qa5 18. Ne2 h5 19. Rhg1 O-O-O 20. Nf4 e5
21. Nxg6 fxg6 22. Rxg6 exd4 23. Be6 Kb8 24. Bxd7 Rxd7 25. Qc4 Qc5 26. Qb3 Qf8
27. a3 Ba5 28. Rxc6 Bb6 29. Rcc1 Qf4 30. Qe6 Rhd8 31. Qh3 d3 32. Ka2 d2 33. Rc2
Bf2 34. Qe6 Qxf3 35. Qe5+ Ka8 36. Qe6 a6 37. Qb3 Qxe4 38. Qc3 Qd4 39. Qb3 Bxh4
40. Rc4 Qf6 41. Qc2 Qe6 42. Ka1 Bf6 43. Rc8+ Rxc8 44. Qxc8+ Ka7 45. Rxd2 Qe1+
46. Ka2 Qxd2 47. Qc5+ b6 48. Qb4 Qxb4 0-1

[Event "DEM U16w 2000"]
[Site "Überlingen GER"]
[Date "2000.06.05"]
[Round "3"]
[White "Gorodetskaja, Ewgenija"]
[Black "Thiery, Jennifer"]
[Result "1-0"]
[Termination "normal"]
[Board "12"]
[WhiteElo "1029"]
[BlackElo "1093"]
[PlyCount "87"]
[EventCountry "GER"]
[EventRounds "9"]
[EventType "swiss"]
[EventDate "2000.06.03"]

1. d4 d5 2. e3 Nf6 3. Bd3 c6 4. Nd2 Nbd7 5. f4 e6 6. Ngf3 Bd6 7. O-O O-O 8. Ne5
c5 9. c3 c4 10. Bc2 b5 11. g4 Nb6 12. g5 Nfd7 13. Qh5 f5 14. Rf3 Nxe5 15. fxe5
Be7 16. Rh3 Bxg5 17. Qxh7+ Kf7 18. Nf3 Bb7 19. Qh5+ g6 20. Nxg5+ Ke7 21. Qh7+
Ke8 22. Qxg6+ Kd7 23. Qxe6+ Kc7 24. Rh7+ Kb8 25. Nf7 Qc7 26. Bxf5 Bc8 27. Qg6
Bxf5 28. Qxf5 a6 29. Bd2 Ra7 30. Rf1 Na4 31. e6 Nb6 32. Qe5 Qxe5 33. dxe5 Re8
34. Rf6 Na4 35. Ng5 Rg8 36. Rh5 Rag7 37. h4 Nxb2 38. Kf1 Nd3 39. Rf7 Nxe5 40.
Rxg7 Rxg7 41. e4 dxe4 42. Nxe4 Kc7 43. Rxe5 Rh7 44. e7 1-0

[Event "DEM U16w 2000"]
[Site "Überlingen GER"]
[Date "2000.06.06"]
[Round "4"]
[White "Häcker, Sonja"]
[Black "Fey, Franziska"]
[Result "0-1"]
[Termination "normal"]
[Board "1"]
[WhiteElo "1798"]
[BlackElo "1734"]
[PlyCount "66"]
[WhiteFideId "4680928"]
[BlackFideId "4672992"]
[EventCountry "GER"]
[EventRounds "9"]
[EventType "swiss"]
[EventDate "2000.06.03"]

1. e4 c5 2. Nc3 Nc6 3. f4 d6 4. Nf3 g6 5. Bc4 Bg7 6. f5 Nf6 7. d3 gxf5 8. O-O
fxe4 9. dxe4 Bg4 10. Qe1 Bxf3 11. Rxf3 Ne5 12. Bb5+ Nfd7 13. Rg3 Bf6 14. Qf1 e6
15. Bh6 a6 16. Be2 Qe7 17. Rd1 O-O-O 18. Bxa6 bxa6 19. Qxa6+ Kb8 20. Nb5 Nf8
21. Nxd6 Qa7 22. Qb5+ Kc7 23. Ra3 Qb6 24. Ne8+ Rxe8 25. Qxe8 Nfd7 26. Rxd7+
Nxd7 27. Qxf7 Bxb2 28. Rb3 Bd4+ 29. Kh1 Qa6 30. h3 Qxa2 31. Qxe6 Qa1+ 32. Kh2
Qg1+ 33. Kg3 Qf2+ 0-1

[Event "DEM U16w 2000"]
[Site "Überlingen GER"]
[Date "2000.06.06"]
[Round "4"]
[White "Mietzner, Tina"]
[Black "Schlosberg, Elisabeth"]
[Result "1-0"]
[Termination "normal"]
[Board "2"]
[WhiteElo "2105"]
[BlackElo "2040"]
[PlyCount "147"]
[WhiteFideId "4655524"]
[BlackFideId "4659228"]
[EventCountry "GER"]
[EventRounds "9"]
[EventType "swiss"]
[EventDate "2000.06.03"]

1. e4 c5 2. Nf3 e6 3. d4 cxd4 4. Nxd4 a6 5. Bd3 Nf6 6. O-O Qc7 7. Nd2 Be7 8.
N2f3 d6 9. b3 e5 10. Ne2 d5 11. Ng3 d4 12. a4 Nc6 13. Qe2 h5 14. Nh4 g6 15. Bc4
Na5 16. Bd3 Nc6 17. Bd2 Nh7 18. Nf3 h4 19. Nh1 Bg4 20. h3 Be6 21. Bc4 Qd7 22.
Bxe6 Qxe6 23. Rab1 Rd8 24. b4 g5 25. b5 axb5 26. axb5 Nb8 27. Nh2 Nd7 28. f3
Nc5 29. Nf2 Nf8 30. Nd3 Ng6 31. Ng4 Nxd3 32. cxd3 Nf4 33. Bxf4 gxf4 34. Rfc1
O-O 35. Rc7 Rd7 36. Rxd7 Qxd7 37. Nxe5 Qe6 38. Nc4 b6 39. Ra1 Bc5 40. Ra7 Re8
41. Qf2 Qf6 42. Qa2 Qg6 43. Kf1 Kh7 44. Rc7 Qe6 45. Qa7 Kg7 46. Rc6 Qe7 47.
Qxe7 Rxe7 48. Nxb6 Bxb6 49. Rxb6 Ra7 50. Ra6 Rc7 51. Rc6 Ra7 52. b6 Ra2 53. b7
Rb2 54. Rc7 Rb3 55. Ke2 Rb2+ 56. Kd1 Rb3 57. Kc2 Rb4 58. Rc4 Rxb7 59. Rxd4 Ra7
60. Rb4 f6 61. d4 Ra2+ 62. Rb2 Ra4 63. Kc3 Kf7 64. Rd2 Ke6 65. Kb3 Ra6 66. Kb4
Ra1 67. d5+ Kd6 68. Rc2 Rb1+ 69. Ka3 Rd1 70. Rc6+ Ke7 71. Rc7+ Kd6 72. Rf7 Rd3+
73. Kb4 Rd2 74. Rxf6+ 1-0

[Event "DEM U16w 2000"]
[Site "Überlingen GER"]
[Date "2000.06.06"]
[Round "4"]
[White "Bartholomeyzik, Theresa"]
[Black "Schulte, Stefanie"]
[Result "0-1"]
[Termination "normal"]
[Board "3"]
[WhiteElo "1269"]
[BlackElo "2115"]
[PlyCount "60"]
[BlackFideId "4658000"]
[EventCountry "GER"]
[EventRounds "9"]
[EventType "swiss"]
[EventDate "2000.06.03"]

1. Nf3 c5 2. g3 d6 3. Bg2 Nf6 4. O-O e6 5. d3 Be7 6. Nbd2 Nc6 7. a4 d5 8. Re1
O-O 9. h4 e5 10. Nh2 Be6 11. e3 Qd7 12. h5 Nb4 13. Bf3 Rad8 14. e4 d4 15. Be2
Qc7 16. Rf1 a6 17. Nc4 Bxc4 18. dxc4 Nxe4 19. Bd3 Nf6 20. h6 g6 21. Bg5 Ne8 22.
Qg4 f5 23. Qh4 Bxg5 24. Qxg5 e4 25. Be2 Nxc2 26. Rad1 Nf6 27. Rd2 d3 28. Bd1
Nd4 29. f3 exf3 30. Nxf3 Ne4 0-1

[Event "DEM U16w 2000"]
[Site "Überlingen GER"]
[Date "2000.06.06"]
[Round "4"]
[White "Winnicki, Alice"]
[Black "Czäczine, Anne"]
[Result "0-1"]
[Termination "normal"]
[Board "4"]
[WhiteElo "1644"]
[BlackElo "1787"]
[PlyCount "70"]
[WhiteFideId "4687990"]
[BlackFideId "4679326"]
[EventCountry "GER"]
[EventRounds "9"]
[EventType "swiss"]
[EventDate "2000.06.03"]

1. e4 c5 2. c3 d5 3. exd5 Qxd5 4. d4 Nf6 5. Nf3 Bg4 6. Be2 cxd4 7. cxd4 e6 8.
Nc3 Qd6 9. h3 Bh5 10. O-O Nc6 11. Be3 Be7 12. Qd2 O-O 13. a3 Nd5 14. Rfd1 Rfd8
15. Nb5 Qd7 16. Ne5 Nxe5 17. dxe5 Bxe2 18. Qxe2 a6 19. Nc3 Nxc3 20. bxc3 Qa4
21. Rxd8+ Rxd8 22. Qb2 b5 23. Bd4 Qc4 24. Rb1 Bc5 25. Rc1 h6 26. Bxc5 Qxc5 27.
Re1 Rd3 28. Kf1 Rxc3 29. Qb4 Qxb4 30. axb4 Rc4 31. Ra1 Rxb4 32. Rxa6 Re4 33.
Rb6 Rxe5 34. f4 Rd5 35. Ke2 g5 0-1

[Event "DEM U16w 2000"]
[Site "Überlingen GER"]
[Date "2000.06.06"]
[Round "4"]
[White "Schuler, Dorothea"]
[Black "Diebig, Maja"]
[Result "1/2-1/2"]
[Termination "normal"]
[Board "5"]
[WhiteElo "1739"]
[BlackElo "1614"]
[PlyCount "108"]
[EventCountry "GER"]
[EventRounds "9"]
[EventType "swiss"]
[EventDate "2000.06.03"]

1. a3 d5 2. Nf3 c5 3. c4 d4 4. b4 a5 5. bxc5 Nc6 6. d3 e5 7. g3 Bxc5 8. Bg2 h6
9. O-O Nf6 10. Nbd2 a4 11. Ne1 O-O 12. Rb1 Qe7 13. Nc2 Bf5 14. Nf3 Rfe8 15. Qd2
Bh7 16. Nb4 Na5 17. Qc2 Nb3 18. Rxb3 axb3 19. Qxb3 Ra7 20. Ne1 e4 21. Nec2 exd3
22. exd3 Bf5 23. Qb2 Qd7 24. Rd1 Re2 25. Bf3 Re7 26. Nd5 Nxd5 27. Bxd5 Be6 28.
Be4 Bxc4 29. Nb4 Be6 30. Bf4 Qa4 31. Rc1 Bxb4 32. axb4 f5 33. Bf3 b5 34. Qxd4
Rad7 35. Rc8+ Kh7 36. Qc3 Rxd3 37. Qxd3 Bxc8 38. Qd6 Re6 39. Qc5 Re1+ 40. Kg2
Qa6 41. Qf8 Qe6 42. Qc5 Qd7 43. Qc3 Re7 44. Be3 Bb7 45. Bc5 Bxf3+ 46. Qxf3 Rf7
47. h4 Qb7 48. Qxb7 Rxb7 49. Kf3 Kg6 50. Kf4 Kf6 51. h5 Rd7 52. Be3 Rd1 53. Bc5
Ke6 54. Bf8 Rd7 1/2-1/2

[Event "DEM U16w 2000"]
[Site "Überlingen GER"]
[Date "2000.06.06"]
[Round "4"]
[White "Ebner, Leah"]
[Black "Lunz, Pia"]
[Result "1-0"]
[Termination "normal"]
[Board "6"]
[WhiteElo "1425"]
[BlackElo "1079"]
[PlyCount "121"]
[EventCountry "GER"]
[EventRounds "9"]
[EventType "swiss"]
[EventDate "2000.06.03"]

1. e4 e6 2. d4 d5 3. exd5 exd5 4. Nf3 Nf6 5. Be2 Bf5 6. Nc3 c6 7. Bg5 Be7 8.
Qd2 Nbd7 9. O-O-O O-O 10. h4 Ne4 11. Nxe4 Bxe4 12. Rh3 Bxf3 13. Bxf3 Bxg5 14.
hxg5 f6 15. Rdh1 fxg5 16. Rxh7 Nf6 17. Rh8+ Kf7 18. Rxf8+ Qxf8 19. Qxg5 Qe7 20.
Bh5+ Nxh5 21. Qxe7+ Kxe7 22. Rxh5 Rf8 23. Rg5 Kf6 24. f4 Re8 25. Re5 Rh8 26. g4
g6 27. Kd2 Rh4 28. Rg5 Rh3 29. Re5 Rh4 30. g5+ Kf7 31. Ke3 Rh3+ 32. Ke2 Rh2+
33. Kd3 Rf2 34. c4 dxc4+ 35. Kxc4 Rxb2 36. Ra5 a6 37. d5 cxd5+ 38. Kxd5 Rb4 39.
Ke5 Rc4 40. Rd5 Rc7 41. Rd6 Re7+ 42. Kd5 Kg7 43. Rf6 Re2 44. Rb6 Rxa2 45. Rxb7+
Kf8 46. Ke6 Ra4 47. Kf6 Rxf4+ 48. Kxg6 Rc4 49. Ra7 Rc6+ 50. Kh7 Rc5 51. Ra8+
Ke7 52. g6 Rh5+ 53. Kg7 a5 54. Ra7+ Kd6 55. Kf6 Rh2 56. Rxa5 Rf2+ 57. Kg7 Ke7
58. Ra7+ Ke8 59. Kh8 Rh2+ 60. Rh7 Rxh7+ 61. Kxh7 1-0

[Event "DEM U16w 2000"]
[Site "Überlingen GER"]
[Date "2000.06.06"]
[Round "4"]
[White "Reiß, Rebekka"]
[Black "Tröstrum, Tina"]
[Result "1/2-1/2"]
[Termination "normal"]
[Board "7"]
[WhiteElo "1388"]
[BlackElo "1019"]
[PlyCount "65"]
[EventCountry "GER"]
[EventRounds "9"]
[EventType "swiss"]
[EventDate "2000.06.03"]

1. f4 Nf6 2. Nf3 d5 3. d4 Bf5 4. g3 e6 5. Bg2 Be7 6. O-O O-O 7. e3 Nbd7 8. Nbd2
Nb6 9. Ne5 Nfd7 10. g4 Be4 11. Nxe4 dxe4 12. Bxe4 c6 13. Bg2 f6 14. Nxd7 Qxd7
15. Qe2 Rad8 16. c4 c5 17. Rd1 cxd4 18. exd4 Qc7 19. Qxe6+ Kh8 20. b3 Rfe8 21.
Qf5 Nc8 22. Qc2 b6 23. Be4 g6 24. Be3 Bd6 25. f5 Bxh2+ 26. Qxh2 Qxh2+ 27. Kxh2
Rxe4 28. Bf2 Rxg4 29. fxg6 hxg6 30. Rg1 Rxg1 31. Rxg1 Kg7 32. Re1 Kf7 33. d5
1/2-1/2

[Event "DEM U16w 2000"]
[Site "Überlingen GER"]
[Date "2000.06.06"]
[Round "4"]
[White "Schwert, Karina"]
[Black "Brandt, Madeleine"]
[Result "1-0"]
[Termination "normal"]
[Board "8"]
[WhiteElo "1348"]
[BlackElo "923"]
[PlyCount "85"]
[EventCountry "GER"]
[EventRounds "9"]
[EventType "swiss"]
[EventDate "2000.06.03"]

1. d4 d5 2. c4 c6 3. Nf3 Nf6 4. Nc3 Bf5 5. Bf4 e6 6. e3 Bb4 7. Qb3 Qa5 8. Nd2
b6 9. a3 O-O 10. Qxb4 Qxb4 11. axb4 Nbd7 12. Be2 Rfe8 13. Nf3 Ne4 14. Ne5 Nxe5
15. Bxe5 Nxc3 16. bxc3 Re7 17. c5 b5 18. Bd6 Rd7 19. Ra6 Rc8 20. O-O Bc2 21.
Rfa1 Ba4 22. Bd1 Bxd1 23. Rxd1 h6 24. Rda1 g5 25. Rxa7 Rxa7 26. Rxa7 Kg7 27. f3
Kg6 28. Kf2 Re8 29. g4 f5 30. h3 h5 31. Re7 Rxe7 32. Bxe7 hxg4 33. fxg4 fxg4
34. hxg4 Kh6 35. Kf3 Kg6 36. e4 Kh6 37. exd5 exd5 38. Ke3 Kg6 39. Kd3 Kh6 40.
c4 bxc4+ 41. Kc3 Kg6 42. b5 Kf7 43. b6 1-0

[Event "DEM U16w 2000"]
[Site "Überlingen GER"]
[Date "2000.06.06"]
[Round "4"]
[White "Hauck, Kerstin Elisabeth"]
[Black "Blodig, Carolin"]
[Result "1/2-1/2"]
[Termination "normal"]
[Board "9"]
[WhiteElo "1506"]
[BlackElo "1476"]
[PlyCount "83"]
[BlackFideId "4692012"]
[EventCountry "GER"]
[EventRounds "9"]
[EventType "swiss"]
[EventDate "2000.06.03"]

1. e4 d5 2. exd5 Qxd5 3. Nc3 Qa5 4. Bc4 Nf6 5. Nf3 Bf5 6. d3 c6 7. Bd2 Nbd7 8.
Nd5 Qd8 9. Nxf6+ Nxf6 10. Ne5 e6 11. Qe2 Bd6 12. Bc3 O-O 13. O-O Nd5 14. Bxd5
cxd5 15. Rfe1 Rc8 16. Rac1 Qb6 17. Nd7 Qc7 18. Nxf8 Rxf8 19. Be5 Rc8 20. Bxd6
Qxd6 21. Qe3 Qa6 22. Qd4 b6 23. Qb4 Qb7 24. Re3 Qa6 25. Ree1 Qb7 26. a3 h6 27.
Re3 Qa6 28. Qd4 Rc7 29. Rg3 Bg6 30. h4 h5 31. c3 Qb5 32. c4 Qe8 33. b3 Qc8 34.
Re1 dxc4 35. dxc4 Rd7 36. Qa1 Qd8 37. Kh2 Rd2 38. Kg1 Qd6 39. Rf1 Qc5 40. Qc3
Qd6 41. Qa1 Qc5 42. Qc3 1/2-1/2